=LDR 00000nam 2200000 4500 =001 INLIS000000000032151 =005 20130612134155 =008 ***********************************ind** =035 ##$$0010-061300000032151 =041 ##$$a ind =082 ##$$a 423.1 =090 ##$$a R. 423.1, Bam k =100 ##$$a BAMBANG, M =245 ##$$a Kamus Lenkap, Inggris-Indonesia, Indonesia-Inggris, Bambang M dan M.Munir =260 ##$$b Difa Publisher =300 ##$$a viii, 898 hlm, 24 cm =650 ##$$a Kamus Inggris - Indonesia =700 ##$$a Munir,. M =850 ##$$a NBPNMAT